LEADER 01487nam a2200289 4500 001 000000343923 003 CaOOAMICUS 005 20210122144826.0 008 210122s2019 it 000 u ita r 020 $a978-88-922193-0-4 040 $aSeMil$bita 100 1 $aGianni, Bernardo,$d<1968- >.$0(OLS)http://semarc/name/112864 245 13$aLa cittą dagli ardenti desideri :$bper sguardi e gesti pasquali nella vita del mondo /$cBernardo Gianni. 264 1$aCinisello Balsamo :$bSan Paolo ;$aCittą del Vaticano :$bLibreria Editrice Vaticana,$c2019. 300 $a188 p. ;$c22 cm 490 1 $aDimensioni dello Spirito ;$v423 650 4$aFrancesco I - Esercizi spirituali.$0(OLS)http://semarc/subject/40643 650 4$aFirenze.$0(OLS)http://semarc/subject/10246 650 4$aCittą ideale.$0(OLS)http://semarc/subject/23237 830 0$aDimensioni dello spirito ;$v423.$0(OLS)http://semarc/title/428593 850 $aSeMil 852 $aSeMil$W1$xVenegono$y1$m2C VII 347$j223688$B234978$CSeMilBibl$Z2$F234978 $81 996 $6020$a978-88-922193-0-4$9(OLS)http://semarc/number/292165 996 $6245$aLa cittą dagli ardenti desideri :$bper sguardi e gesti pasquali nella vita del mondo$9(OLS)http://semarc/title/432972 996 $6264$aCinisello Balsamo :$bSan Paolo$9(OLS)http://semarc/publisher/30129 996 $6264$aCittą del Vaticano :$bLibreria Editrice Vaticana$9(OLS)http://semarc/publisher/29734 LEADER 00583naa a2200157 i 4500 001 000000300115 003 CaOOAMICUS 005 20180831172657.0 008 180831n xx u000 u und u 013 $a7784 040 $aSeMil$bita 100 1 $aMazzocchi, Giancarlo <1927-2005>.$0(OLS)http://semarc/name/4191 245 10$aInformatica e societą. 650 4$aInformatica.$0(OLS)http://semarc/subject/4950 773 0 $tInformatica e uomo.$dPadova : Messaggero, copyr. 1984.$kInformatica e pastorale$z88-7026-581-1$w()34407 996 $6245$aInformatica e societą$9(OLS)http://semarc/title/376130